| 000 | 01198cam a22002771i 4500 | ||
|---|---|---|---|
| 003 | SA-RiAUC | ||
| 005 | 20260112055248.0 | ||
| 008 | 260111s2019 ku f 00000 ara c | ||
| 040 |
_aSA-JeALM _bara _cSA-RiAUC _erda |
||
| 050 | 4 | _bS23 2019 | |
| 082 | 0 | 4 |
_a332.1221 _qSA-RiAUC |
| 090 |
_a332.12210256 _bص د ر |
||
| 100 | 1 |
_aالصدر، محمد باقر، _d1935-1980 _eمؤلف. |
|
| 245 | 1 | 2 |
_aالبنك اللاربوي في الإسلام : _bأطروحة للتعويض عن الربا ودراسة لكافة أوجه نشاطات البنوك في ضوء الفقه الإسلامي / _cمحمد باقر الصدر. |
| 264 | 1 |
_aالكويت : _bمكتبة جامع النقي العامة، _c[بين 1900 و1999] |
|
| 300 |
_a248 صفحة ؛ _c24 سم. |
||
| 336 |
_aنص _btxt _2rdacontent _3كتاب |
||
| 337 |
_aبدون وسيط _bn _2rdamedia |
||
| 650 | 7 |
_aالبنوك الإسلامية _2aucsh |
|
| 650 | 7 |
_aالربا (فقه إسلامي) _2aucsh |
|
| 650 | 7 |
_aالإسلام والاقتصاد _2aucsh |
|
| 650 | 7 |
_aالاقتصاد الإسلامي _2aucsh |
|
| 650 | 7 | _aالشيعة | |
| 942 |
_2ddc _cBOOK _n0 |
||
| 949 |
_aSA-JeALM _d260111 _uosman123 _n1 |
||
| 999 |
_c14000 _d14000 |
||